Постановление ГКО СССР № 5343 сс о выделении грузовых и легковых автомашин Наркомату государственной безопасности в марте 1944 г...

RUSMARC
00005379cam0a2200325#x 450
00100676107-11c9-4ec5-9259-156d285635d3
00520250922121115.0
100##$a20250922j19440309k###0rusy50 ca
1010#$arus
102##$aRU
105##$ay###z########
1220#$ad19440309##
2001#$aПостановление ГКО СССР № 5343 сс о выделении грузовых и легковых автомашин Наркомату государственной безопасности в марте 1944 г., с приложением докладной записки Меркулова В. Н. Молотову В. М.
$j9 марта 1944 г.
251##$cДокумент
300##$aРассылочный и подлинный экземпляры
461#0$12001
$aФ. 644
$1251
$cФонд
$1852
$j644
462#0$12001
$aОп. 1
$1251
$cОпись
$1852
$j1
60101$2nlr_sh
$3RU\NLR\AUTH\6601614128
$aСССР
$bГосударственный Комитет Обороны
$xИстория
$z1941 - 1945
$jДокументы и материалы
60102$2nlr_sh
$3RU\NLR\AUTH\661434800
$aСССР
$bКомитет государственной безопасности
$xИстория
$z1941 - 1945
$jДокументы и материалы
605##$2prlib_sh
$3LIBNET\UAF\0000088514
$aВторая мировая война в архивных документах (Комплекс оцифрованных архивных документов, кино- и фотоматериалов)
$lколлекция
605##$2acquisition_Prlib
$3DITM\AF\0000002775
$aВласть
$lколлекция
6061#$2nlr_sh
$3RU\NLR\AUTH\661280795
$aВеликая Отечественная война
$z1941 - 1945
$xТыл(воен.)
$jДокументы и материалы
6061#$2nlr_sh
$3RU\NLR\AUTH\661275054
$aАвтомобильный транспорт
$xИстория
$yСССР
$z1941 - 1945
$jДокументы и материалы
686##$a63.3(2)622,13ю1
$vLBC/M
$2rubbk
686##$a65.373.31-03ю1
$vLBC/M
$2rubbk
801#0$aRU
$bПБ им. Б.Н. Ельцина
$c20250922
801#1$aRU
$bПБ им. Б.Н. Ельцина
$c20250922
$2rusmarc
801#2$aRU
$bПБ им. Б.Н. Ельцина
$c20250922
$2rusmarc
850##$aРоссийский государственный архив социально-политической истории
852##$aРГАСПИ
$jД. 217. Л. 16-16об.; Оп. 2. Д. 293. Л. 128-130об.
035##$aLIBNET\0001499659
937##$d197672969
$hФедеральное архивное агентство
8564#$uhttp://readingroom.main.prlib.ru/item.aspx?id_node=n197672969&mode=full
Формат отображения